Deutschland bei der Darts-WM 2026 - Statistiken

Allgemein
  • Dieses Quiz wurde 46 mal gespielt
  • Das Durchschnittsergebnis liegt bei 14 aus 17
Antwortstatistiken
Runde Gegner Ergebnis Spieler % Korrekt
1. Runde Alex Spellman 0:3 Gabriel Clemens
97%
2. Runde Wessel Nijman 0:3 Gabriel Clemens
86%
1. Runde Stephen Burton 1:3 Martin Schindler
86%
2. Runde Keane Barry 0:3 Martin Schindler
86%
3. Runde Ryan Searle 4:0 Martin Schindler
86%
1. Runde Kim Huybrechts 1:3 Arno Merk
84%
2. Runde Peter Wright 0:3 Arno Merk
84%
3. Runde Luke Humphries 4:2 Gabriel Clemens
84%
1. Runde Jose de Sousa 1:3 Ricardo Pietreczko
84%
2. Runde Dave Chisnall 2:3 Ricardo Pietreczko
84%
3. Runde Andreas Harrysson 4:2 Ricardo Pietreczko
84%
3. Runde Michael van Gerwen 4:1 Arno Merk
81%
1. Runde Joe Comito 3:1 Niko Springer
81%
1. Runde Martin Lukeman 1:3 Max Hopp
78%
2. Runde Luke Woodhouse 3:0 Max Hopp
76%
1. Runde Wesley Plaisier 3:1 Lukas Wenig
62%
1. Runde Jermaine Wattimena 3:2 Dominik Grüllich
32%
Keine übereinstimmenden Quizze gefunden
Verteilung der Resultate
Anzahl Personen mit jedem Resultat
Perzentil nach korrekt beantworteten Fragen
Ihre Resultats-Entwicklung
Sie haben dieses Quiz noch nicht gespielt